000 00770nam a2200289Ia 4500
001 7281
005 20240113234007.0
007 ta
008 050704s1965 a g b000 u hin u
020 _cHB
040 _aCotton College Assam
041 _ahin
082 _a891.43109
_bJ 199 M
100 _aJain, Bimal Kumar .
245 0 _aMahakavi Dinkar: Urvashi Tatha Anya Kirtiyan /
_cBimal Kumar Jain.
_hTextual Documents
250 _a1st ed. /
260 _aDelhi :
_bBharatiya sahitya mandir ,
_c1965.
300 _a449p. :
_bill. ;
_c22cm .
653 _aHindi poetry-Criticism
653 _aHindi poets-Dinkar
653 _aMS-Hindi
653 _aGen-Hindi
942 _2ddc
_cBK
999 _c7268
_d7268